Sports Quiz

Random Sports or Clickable Quiz
Score 0/20 Timer 04:00
0 Plays Today
% Correct
Shido
95.7%
Matte
95.2%
Tori
94.8%
Ippon-seoi-nage
94.3%
Uke
94.3%
Waza-ari-awasete-ippon
93.9%
O-goshi
93.5%
O-soto-gari
93.5%
Morote-seoi-nage
92.6%
Ko-uchi-gari
90.4%
% Correct
Hansoku-make
90%
Ko-soto-gari
89.6%
Ko-soto-gake
89.1%
Adjusting the judogi
89.1%
O-soto-gake
88.3%
Osaekomi
87.4%
Seoi-otoshi
87%
Hiki-wake
87%
Tsuri-komi-goshi
85.7%
Toketa
85.7%
Remove Ads.
Support Sporcle.
Get the best of Sporcle when you Go Orange. This ad-free experience offers more features, more stats, and more fun while also helping to support Sporcle. Thank you for becoming a member.

You're not logged in!

Compare scores with friends on all Sporcle quizzes.
OR
Log In

Show Comments

Extras

Top Quizzes Today


Score Distribution

Your Account Isn't Verified!

In order to create a playlist on Sporcle, you need to verify the email address you used during registration. Go to your Sporcle Settings to finish the process.

Report this User

Report this user for behavior that violates our Community Guidelines.

Details: